Music Quiz

Random Music or Lyrics Quiz

Lyrics: 'Hello It's Me' - Todd Rundgren Quiz Stats

 Plays Quiz not verified by Sporcle

Challenge
Share
Tweet
Embed
Score 0/194 Timer 07:00
0 Plays Today
LYRICS % Correct
I
99.5%
I
99.5%
I
99.5%
I
99.5%
I
99.5%
I
99.5%
I
99.5%
I
99.5%
I
99.5%
I
99.5%
I
99.5%
I
99.5%
I
99.5%
I
99.5%
Hello,
99.1%
it's
99.1%
me.
99.1%
It's
99.1%
me
99.1%
me.
99.1%
me.
99.1%
It's
99.1%
me
99.1%
me.
99.1%
me.
99.1%
a
98.6%
a
98.6%
a
98.6%
a
98.6%
a
98.6%
for
96.4%
you,
96.4%
you.
96.4%
for
96.4%
for
96.4%
you
96.4%
you
96.4%
you
96.4%
you
96.4%
for
96.4%
You
96.4%
you
96.4%
you
96.4%
you
96.4%
you
96.4%
you
96.4%
you
96.4%
for
96.4%
You
96.4%
you
96.4%
you
96.4%
you
96.4%
you
96.4%
to
95.5%
to
95.5%
to
95.5%
to
95.5%
to
95.5%
to
95.5%
to
95.5%
to
95.5%
time.
95%
long,
94.5%
long
94.5%
long.
94.5%
LYRICS % Correct
I've
93.2%
about
91.8%
that
91.4%
that
91.4%
that
91.4%
that
91.4%
that
91.4%
that
91.4%
thought
90.5%
us
90.5%
do
90.5%
Think
90%
be
90%
think
90%
Think
90%
be
90%
think
90%
think
90%
think
90%
the
88.6%
see
88.6%
the
88.6%
see
88.6%
the
88.6%
if
88.2%
if
88.2%
if
88.2%
if
88.2%
if
88.2%
if
88.2%
too
87.7%
too
87.7%
know
87.3%
know
87.3%
know
87.3%
know
87.3%
as
86.8%
as
86.8%
of
86.8%
of
86.8%
of
86.8%
as
86.8%
could.
85.5%
could.
85.5%
much
85%
in
85%
in
85%
much,
85%
should.
84.5%
but
84.5%
should.
84.5%
want
82.7%
want
82.7%
don't
81.8%
there,
80.9%
just
80%
are
80%
with
80%
And
80%
are
80%
with
80%
And
80%
I'd
79.5%
I'd
79.5%
while,
78.6%
LYRICS % Correct
while,
78.6%
or
78.2%
or
78.2%
need
78.2%
or
78.2%
need
78.2%
once
77.3%
ever
77.3%
once
77.3%
ever
77.3%
never
77.2%
you're
75.5%
never
75.5%
Maybe
75.5%
Maybe
75.5%
Seeing
74.5%
seeing
74.5%
seeing
74.5%
make
74.5%
make
74.5%
something
74.1%
reason
74.1%
smile.
74.1%
reason
74.1%
smile.
74.1%
all
73.6%
care.
73.2%
wrong.
73.2%
important
71.8%
important
71.8%
'cause
71.4%
'cause
71.4%
night
70.9%
night
70.9%
can't
70%
I'll
70%
I'll
70%
last
68.6%
always
68.6%
free,
68.6%
free,
68.6%
way
67.7%
spend
67.3%
spend
67.3%
take
66.8%
take
66.8%
anything
65.9%
granted
65.9%
granted
65.9%
shouldn't
65.9%
around
65.5%
around
65.5%
come
65%
come
65%
mine.
65%
something's
64.5%
here
64.1%
through.
64.1%
change
63.6%
change
63.6%
doesn't
61.8%
There's
61.4%
help
55.9%
Sometimes
55%

You're not logged in!

Compare scores with friends on all Sporcle quizzes.
Join for Free
OR
Log In

You Might Also Like...

Show Comments

Extras

Top Quizzes Today


Score Distribution

Your Account Isn't Verified!

In order to create a playlist on Sporcle, you need to verify the email address you used during registration. Go to your Sporcle Settings to finish the process.

Report this User

Report this user for behavior that violates our Community Guidelines.

Details: